Formula One Countries Visited - Sudden Death - Statistics

General Stats
  • This quiz has been taken 208 times
    165 since last reset
  • The average score is 13 of 20
Answers on the Grid
Answers color-coded by a green-red scale on the quiz's grid according to % correct below.
Monaco
Italy
Spain
Myanmar
Mexico
Romania
Poland
Saudi Arabia
Indonesia
Bahrain
Portugal
Israel
Kuwait
Russia
Finland
Vietnam
Egypt
China
Germany
Denmark
United Kingdom
Ireland
South Africa
Hungary
Thailand
Norway
Austria
United States
Greece
Azerbaijan
South Korea
Sweden
Morocco
Colombia
Uganda
Switzerland
 
Answer Stats
Answer % Correct
China
77%
Italy
77%
Spain
77%
Germany
73%
Mexico
73%
United States
73%
Portugal
71%
Russia
70%
South Africa
70%
United Kingdom
70%
Azerbaijan
68%
Monaco
68%
South Korea
67%
Hungary
66%
Saudi Arabia
64%
Bahrain
63%
Austria
62%
Morocco
62%
Switzerland
49%
Sweden
47%
No matching quizzes found
Score Distribution
Percent of People with Each Score
Percentile by Number Answered
Your Score History
You have not taken this quiz since the last reset